A portrait of the artist as a young man
Uloženo v:
| Hlavní autor: | |
|---|---|
| Médium: | Kniha |
| Jazyk: | angličtina |
| Vydáno: |
Harmondsworth
Penguin Books
1960
|
| Témata: | |
| Tagy: |
Přidat tag
Žádné tagy, Buďte první, kdo vytvoří štítek k tomuto záznamu!
|
MARC
| LEADER | 00000nam a2200000 a 4500 | ||
|---|---|---|---|
| 001 | UCR9995 | ||
| 003 | CL-VaPUC | ||
| 008 | 980619e19600000uk |||||||||||||||||eng|d | ||
| 082 | 0 | 4 | |a 823 |b JOY |2 21 |
| 100 | |a Joyce, James Augustine |e author |9 498658 | ||
| 245 | 1 | 2 | |a A portrait of the artist as a young man |
| 300 | |a 252 p | ||
| 942 | |c BK | ||
| 945 | |d 19980619 00:00:00 |a crobeson | ||
| 260 | |a Harmondsworth |b Penguin Books |c 1960 | ||
| 650 | 0 | |a Novelas irlandesas |9 266298 | |
| 650 | 0 | |a Literatura irlandesa |9 349943 | |
| 583 | |a last modification |c 20171204 04:07:23 |k Rodrigo Vera | ||
| 999 | |c 271164 |d 271162 | ||
| 952 | |0 0 |1 0 |4 0 |6 823_000000000000000_JOY_1960 |7 0 |8 A |9 305709 |a BIBEDU |b BIBEDU |d 2019-11-20 |i 142310K |o 823 JOY 1960 |p 142310K |r 2019-11-20 |w 2019-11-20 |y BK |k LIT | ||